1615 1453 1101 1002 1654 1656 1560 1257 1865 1179 1850 1738 1444 1595 1241 1104 1550 1742 1810 1513 1170 1698 1219 1083 1689 1891 1129 1106 1037 1733 1251 1135 1395 1452 1620 1669 1133 1521 1322 1437 1867 1548 1956 1569 1356 1271 1139 1408 1283 1740 1825 1695 1776 1311 1820 1108 1075 1683 1311 1023 1554 1275 1703 1228 1543 1890 1377 1325 1801 1250 1384 1307 1015 1490 1242 1995 1810 1490 1954 1498 1686 1864 1973 1215 1826 1394 1825 1669 1691 1166 1673 1731 1432 1995 1939 1882 1881 1686 1935 BCNSPRNW ULIB Ver.6.0+V

เปลี่ยนเป็นภาษาไทย

Change to English
 แสดงรายละเอียดบรรณานุกรม
  กลับหน้าหลัก

Brief Record : Get Marc (ISO 2709) : E-mail record : QR code < ปิดหน้าต่าง
LEADER : 00000nam 2200000uu 4500
001    13399112542
003     ULIB
008    110823s2552||||th 000 0 tha d
020    9786117190193
090    นว.^bช561ท 2552
100 0  ชินานาง ณพิชญานันท์ ศิรวิศยา
245 00 ทิวลิปหวานรัก/^cชินานาง ณพิชญานันท์ ศิรวิศยา
250    พิมพ์ครั้งที่ 1
260    กรุงเทพฯ :^bอินเลิฟ,^c2552
300    279 หน้า
710 1  อินเลิฟ
945    ^p185^l0^i15829
995    กัณชพร
999     ^aใช้งานได้ทุกระบบ
รายการนี้ยังไม่มีแท็ก
คุณยังไม่ได้ล็อกอิน คุณสามารถมีกิจกรรมร่วมกับเว็บไซต์ได้ แต่ต้องล็อกอินก่อน ::
  ล็อกอิน

รายการสื่อสารสนเทศ

ลำดับที่ ประเภท เลขเรียก/บาร์โค้ด สถานที่ สถานะ
1. วิทยาศาสตร์การแพทย์ และสุขภาพ
วิทยาศาสตร์การแพทย์ และสุขภาพ
นว. ช561ท 2552  
  Barcode: 15829
ห้องสมุดวิทยาเขตสวรรค์ประชารักษ์
►นวนิยาย
บนชั้น
  ขอยืม

BibComment


ยังไม่เคยถูกคอมเมนท์

คอมเมนท์ทรัพยากรรายการนี้
  คอมเมนท์: ทิวลิปหวานรัก ชิน..


 Copyright 2026. Bcnsprnw @Library